00607nam a22001817a 4500003000500000005001700005008004100022020001800063040000600081082001500087100004400102245007200146260003100218650004600249942001200295999001900307952009900326CEME20210628203003.0210215b xxu||||| |||| 00| 0 eng d a0-471-44255-0 c. a536.57 CHA aChabay, Ruth W Sherwood, Bruce A962729 aMatter and interactions,vol- ii, electric and magnetic interactions aNEW YORKbJOHN WILEYc2002 aELECTRIC AND MAGNETIC INTERACTIONS962730 cBK2ddc c571745d571745 00104070aCEMEbCEMEcGENd2017-07-24l0o536.57 CHApCEME-36400r2021-06-28w2021-06-28yBK